Wireless direction finding (Record no. 1600)

MARC details
000 -LEADER
fixed length control field 00461nam a2200181Ia 4500
003 - CONTROL NUMBER IDENTIFIER
control field IN-BaIIA
008 - FIXED-LENGTH DATA ELEMENTS--GENERAL INFORMATION
fixed length control field 211028s9999 xx 000 0 eng d
040 ## - CATALOGING SOURCE
Transcribing agency IIA Library
080 ## - UNIVERSAL DECIMAL CLASSIFICATION NUMBER
Universal Decimal Classification number 621.3
Item number KEE
100 ## - MAIN ENTRY--PERSONAL NAME
Personal name Keen, R
9 (RLIN) 3210
245 #0 - TITLE STATEMENT
Title Wireless direction finding
Statement of responsibility, etc. Roland Keen
250 ## - EDITION STATEMENT
Edition statement 4th ed.
260 ## - PUBLICATION, DISTRIBUTION, ETC.
Place of publication, distribution, etc. London
Name of publisher, distributor, etc. Jliffe & Sons
Date of publication, distribution, etc. 1949
300 ## - PHYSICAL DESCRIPTION
Extent xii, 1059p.
650 ## - SUBJECT ADDED ENTRY--TOPICAL TERM
Topical term or geographic name entry element Astronomy and Astrophysics Thesaurus
650 ## - SUBJECT ADDED ENTRY--TOPICAL TERM
Topical term or geographic name entry element Wireless
942 ## - ADDED ENTRY ELEMENTS (KOHA)
Koha item type Books
Holdings
Withdrawn status Lost status Damaged status Not for loan Home library Current library Shelving location Date acquired Cost, normal purchase price Total Checkouts Full call number Barcode Date last seen Cost, replacement price Price effective from Koha item type Purchase Price
        IIA Library-Bangalore IIA Library-Kodaikanal General Stacks   33.75   621.3/ KEE 1753 05/11/2021 33.75   Books Rs. 33.75

Powered by Koha